An evaluation of the service quality in the Wimpy restaurant in Huddersfield using the SERVQUAL model diplomová práca

Salvato in:
Dettagli Bibliografici
Autore principale: Muchová, Miroslava
Ente Autore: Podnikovohospodárska fakulta EU so sídlom v Košiciach. Katedra marketingu a obchodu
Altri autori: Naščáková, Jana
Natura: Libro
Lingua:inglese
Pubblicazione: Košice 2014
Tags: Aggiungi Tag
Nessun Tag, puoi essere il primo ad aggiungerne!!

MARC

LEADER 00000nbm a2200000 4500
001 0187237
005 20170201085102.3
041 0 |a eng 
044 |a SK 
245 1 0 |a An evaluation of the service quality in the Wimpy restaurant in Huddersfield using the SERVQUAL model  |b diplomová práca  |c Miroslava Muchová ; školiteľ: Jana Naščáková 
264 1 |a Košice  |c 2014 
300 |a 74 s. 
100 1 |a Muchová, Miroslava 
700 1 |a Naščáková, Jana 
710 2 |a Podnikovohospodárska fakulta EU so sídlom v Košiciach. Katedra marketingu a obchodu